Landy w Niemczech - Nagła Śmierć - Statystyki

Ogólne statystyki
  • Ten quiz został rozwiązany 1 074 razy
    227 od ostatniego zresetowania
  • Średni wynik to 9 z 16
Answers on the Grid
Answers color-coded by a green-red scale on the quiz's grid according to % correct below.
Alpy
Badenia- Wirtembergia
Bawaria
Berlin
Brandenburgia
Brema
Dolna Saksonia
Flandria
Frankonia
Hamburg
Hesja
Hohenzollern
Holandia
Kolonia-Bonn
Limburgia
Meklemburgia- Pomorze Przednie
Monachium
Nadrenia Północna-Westfalia
Nadrenia-Palatynat
Pomorze
Saara
Saksonia
Saksonia-Anhalt
Sauerland
Schwarzwald
Śląsk
Szlezwik-Holsztyn
Szwabia
Turyngia
Zagłębie Ruhry
 
Statystyki odpowiedzi
Odpowiedź % Poprawnych
Bawaria
87%
Brandenburgia
80%
Badenia- Wirtembergia
76%
Dolna Saksonia
65%
Berlin
63%
Nadrenia Północna-Westfalia
61%
Meklemburgia- Pomorze Przednie
54%
Brema
51%
Saksonia
51%
Szlezwik-Holsztyn
51%
Hamburg
49%
Saksonia-Anhalt
49%
Hesja
48%
Nadrenia-Palatynat
47%
Saara
42%
Turyngia
42%
Nie znaleziono quizów pasujących do podanych kryteriów
Rozkład punktacji
Procent ludzi z każdym wynikiem
Percentyl według liczby udzielonych odpowiedzi
Twoja historia wyników
Nie rozwiązałeś tego quizu od ostatniego zresetowania